| 000 | 00439nam a2200169Ia 4500 | ||
|---|---|---|---|
| 008 | 230917s9999||||xx |||||||||||||| ||und|| | ||
| 020 | _cRS500 | ||
| 040 |
_e217518 _aMAIN |
||
| 041 | _aEnglish | ||
| 082 | _a491.22 D536N | ||
| 100 | _aDharmendra Kumar, ed. | ||
| 245 | 0 | _aNiruktasammarsh | |
| 260 |
_aNew Delhi _bDelhi Sanskrit Akadmi _c2013 |
||
| 300 | _a959 p. | ||
| 500 | _a1591 08/07/2014 8511 01/08/2014 Main Budget | ||
| 942 | _cBK | ||
| 999 |
_c11759 _d11759 |
||